[Event "Heusenstamm Sparkassen op-B 9th"]
[Site "Heusenstamm"]
[Date "2023.11.25"]
[Round "4"]
[White "Glavev, Danail"]
[Black "Traut, Stefan"]
[Result "1-0"]
[WhiteElo "1361"]
[BlackElo "1557"]
[PlyCount "77"]
[EventDate "2023.11.23"]
[EventType "swiss"]
[EventRounds "7"]
[EventCountry "GER"]
[SourceTitle "EXT 2025"]
[Source "ChessBase"]
[SourceDate "2024.10.14"]
[SourceVersion "1"]
[SourceVersionDate "2024.10.14"]
[SourceQuality "1"]

1. e4 c5 2. Nc3 Nc6 3. Bb5 g6 4. Bxc6 bxc6 5. d3 Bg7 6. f4 e6 7. Nf3 Ne7 8. 0-0 0-0 9. Qe1 Ba6 10. Qg3 c4 11. d4 d5 12. e5 Rb8 13. Qf2 Qc7 14. g4 Rb7 15. h4 Rbb8 16. h5 gxh5 17. gxh5 Kh8 18. Nh4 Rg8 19. Kh1 Bc8 20. Na4 Bd7 21. Nc5 Rbf8 22. f5 exf5 23. h6 Bxe5 24. dxe5 Be6 25. Bf4 Rg4 26. Rg1 Rfg8 27. Rxg4 Rxg4 28. Rg1 Qc8 29. Rxg4 fxg4 30. Nxe6 Qxe6 31. Bg5 Ng6 32. Nxg6+ Qxg6 33. Qf6+ Qxf6 34. exf6 Kg8 35. Be3 Kf8 36. Bxa7 Ke8 37. c3 Kd7 38. Bc5 Ke6 39. Be7 1-0

[Event "Wiesbaden op 32nd"]
[Site "Wiesbaden"]
[Date "2023.08.26"]
[Round "5"]
[White "Meaubert, Thomas"]
[Black "Traut, Stefan"]
[Result "1/2-1/2"]
[WhiteElo "1788"]
[BlackElo "1543"]
[PlyCount "48"]
[EventDate "2023.08.24"]
[EventType "swiss"]
[EventRounds "7"]
[EventCountry "GER"]
[SourceTitle "CBM 216 Extra"]
[Source "ChessBase"]
[SourceDate "2023.11.30"]
[SourceVersion "1"]
[SourceVersionDate "2023.11.30"]
[SourceQuality "1"]

1. d4 Nf6 2. Nf3 c5 3. e3 cxd4 4. exd4 g6 5. Nc3 Bg7 6. Bf4 d6 7. Bd3 0-0 8. h3 Nbd7 9. Qd2 a6 10. 0-0 b5 11. Rfe1 Bb7 12. Ne4 Rc8 13. c3 Re8 14. a4 Bc6 15. axb5 Bxb5 16. Bxb5 axb5 17. Qd3 Qb6 18. Ned2 d5 19. Ne5 e6 20. Ndf3 Ra8 21. g4 Nxe5 22. Nxe5 Ne4 23. f3 Nf6 24. Bg5 Qb7 1/2-1/2

[Event "Wiesbaden op 32nd"]
[Site "Wiesbaden"]
[Date "2023.08.25"]
[Round "3"]
[White "Zeyen, Helmut"]
[Black "Traut, Stefan"]
[Result "1/2-1/2"]
[WhiteElo "1799"]
[BlackElo "1543"]
[PlyCount "102"]
[EventDate "2023.08.24"]
[EventType "swiss"]
[EventRounds "7"]
[EventCountry "GER"]
[SourceTitle "CBM 216 Extra"]
[Source "ChessBase"]
[SourceDate "2023.11.30"]
[SourceVersion "1"]
[SourceVersionDate "2023.11.30"]
[SourceQuality "1"]

1. e4 d5 2. exd5 Qxd5 3. Nc3 Qa5 4. d4 c6 5. Bc4 e6 6. Bd2 Qc7 7. Nf3 Nf6 8. Ne5 Bd6 9. Qe2 Nbd7 10. f4 b6 11. 0-0 0-0 12. Rae1 Bb7 13. Bd3 a6 14. Nxd7 Qxd7 15. Ne4 Nxe4 16. Bxe4 g6 17. c3 c5 18. Bxb7 Qxb7 19. Qe4 Qxe4 20. Rxe4 cxd4 21. cxd4 Rac8 22. Bc3 Rc4 23. Rfe1 Rfc8 24. a3 Bxa3 25. R1e3 Bd6 26. g4 b5 27. f5 b4 28. Be1 gxf5 29. gxf5 exf5 30. Re8+ Rxe8 31. Rxe8+ Kg7 32. Ra8 Rxd4 33. Rxa6 Rd3 34. Rc6 Rd4 35. Kg2 f4 36. Kf3 f6 37. Rc2 Rd3+ 38. Kf2 Rb3 39. Bd2 Kg6 40. Bc1 Be5 41. Rd2 Rh3 42. Kg2 Rb3 43. Rf2 Kf5 44. Rf3 Rxf3 45. Kxf3 Bd6 46. b3 Be5 47. Bd2 Bd6 48. Bc1 h5 49. h4 Be5 50. Bd2 Bd6 51. Bc1 Be5 1/2-1/2

[Event "Heusenstamm Sparkassen op-B 7th"]
[Site "Heusenstamm"]
[Date "2021.11.20"]
[Round "4.10"]
[White "Traut, Stefan"]
[Black "Schellenberger, Dirk"]
[Result "1/2-1/2"]
[WhiteElo "1589"]
[BlackElo "1660"]
[PlyCount "117"]
[EventDate "2021.11.18"]
[EventType "swiss"]
[EventRounds "7"]
[EventCountry "GER"]
[SourceTitle "EXT 2023"]
[Source "ChessBase"]
[SourceDate "2022.10.05"]
[SourceVersion "1"]
[SourceVersionDate "2022.10.05"]
[SourceQuality "1"]

1. d4 Nf6 2. Nf3 g6 3. c4 c5 4. Nc3 cxd4 5. Nxd4 Nc6 6. e4 Nxd4 7. Qxd4 d6 8. Be2 Bg7 9. Qd3 0-0 10. 0-0 Bd7 11. Be3 Bc6 12. Rac1 b6 13. f3 Rc8 14. b3 Nd7 15. Qd2 Re8 16. Bd4 Nc5 17. Bxg7 Kxg7 18. Bd3 Rh8 19. Bb1 Qd7 20. Rcd1 a5 21. Nd5 Qa7 22. Kh1 Ra8 23. f4 Rhf8 24. f5 f6 25. fxg6 hxg6 26. Rde1 Rf7 27. Rf3 Rh8 28. Ree3 Nd7 29. Rh3 Ne5 30. Rxh8 Kxh8 31. Rh3+ Rh7 32. Rxh7+ Kxh7 33. Qe3 Bxd5 34. exd5 Qc7 35. Qf4 Qc5 36. h4 Qb4 37. Qe3 b5 38. h5 bxc4 39. hxg6+ Kg7 40. Qh3 Qe1+ 41. Kh2 Nxg6 42. Bxg6 Qe5+ 43. Kh1 Qe1+ 44. Kh2 Qe5+ 45. Kh1 Kxg6 46. Qg4+ Kf7 47. Qxc4 Qa1+ 48. Kh2 Qxa2 49. Qd3 Qa1 50. Qh7+ Ke8 51. Qg8+ Kd7 52. Qe6+ Kd8 53. Qg8+ Kc7 54. Qa8 Qe1 55. Qa7+ Kd8 56. Qa8+ Kc7 57. Qa7+ Kc8 58. Qa8+ Kd7 59. Qc6+ 1/2-1/2

[Event "Wiesbaden op 31st"]
[Site "Wiesbaden"]
[Date "2019.08.24"]
[Round "4"]
[White "Wachsmann, Elmar"]
[Black "Traut, Stefan"]
[Result "1-0"]
[WhiteElo "1783"]
[BlackElo "1559"]
[PlyCount "67"]
[EventDate "2019.08.22"]
[EventType "swiss"]
[EventRounds "7"]
[EventCountry "GER"]
[SourceTitle "EXT 2020"]
[Source "ChessBase"]
[SourceDate "2019.10.17"]
[SourceVersion "1"]
[SourceVersionDate "2019.10.17"]
[SourceQuality "1"]

1. d4 Nf6 2. c4 c5 3. e3 e6 4. Nc3 d5 5. Nf3 Be7 6. a3 0-0 7. dxc5 Bxc5 8. b4 Be7 9. Bb2 dxc4 10. Bxc4 a6 11. Qe2 b5 12. Ba2 Nc6 13. 0-0 Bb7 14. Rad1 Qc7 15. e4 Rfd8 16. Bb1 Rxd1 17. Rxd1 Rd8 18. Re1 Rd7 19. e5 Ne8 20. Ne4 h6 21. Rc1 Qd8 22. Qc2 g6 23. Qe2 Kg7 24. Qe3 Rd1+ 25. Ne1 g5 26. h4 Rxc1 27. Bxc1 Ba8 28. Nf3 Qd1+ 29. Kh2 Qd5 30. hxg5 hxg5 31. Nexg5 Bxg5 32. Qxg5+ Kf8 33. Be3 Qb3 34. Bc5+ 1-0

[Event "Rhein Main op-B 22nd"]
[Site "Bad Homburg"]
[Date "2019.06.22"]
[Round "5"]
[White "Barth, Horst"]
[Black "Traut, Stefan"]
[Result "1/2-1/2"]
[WhiteElo "1193"]
[BlackElo "1591"]
[PlyCount "43"]
[EventDate "2019.06.19"]
[EventType "swiss"]
[EventRounds "7"]
[EventCountry "GER"]
[SourceTitle "EXT 2020"]
[Source "ChessBase"]
[SourceDate "2019.10.17"]
[SourceVersion "1"]
[SourceVersionDate "2019.10.17"]
[SourceQuality "1"]

1. c4 b6 2. d4 e6 3. Nc3 Nf6 4. Nf3 Bb7 5. Bg5 Be7 6. e3 0-0 7. Bd3 h6 8. Bf4 d6 9. h3 Nbd7 10. 0-0 Re8 11. Re1 Bf8 12. Bg3 e5 13. Nd2 Rc8 14. b3 c6 15. Bh4 Be7 16. Bf5 Rc7 17. Nde4 Nxe4 18. Bxe7 Qxe7 19. Bxe4 Nf6 20. Bf3 e4 21. Be2 Ba8 22. a4 1/2-1/2

[Event "Rhein Main op-B 22nd"]
[Site "Bad Homburg"]
[Date "2019.06.20"]
[Round "2"]
[White "Traut, Stefan"]
[Black "Thaler, Regina"]
[Result "1/2-1/2"]
[WhiteElo "1591"]
[BlackElo "1292"]
[PlyCount "43"]
[EventDate "2019.06.19"]
[EventType "swiss"]
[EventRounds "7"]
[EventCountry "GER"]
[SourceTitle "EXT 2020"]
[Source "ChessBase"]
[SourceDate "2019.10.17"]
[SourceVersion "1"]
[SourceVersionDate "2019.10.17"]
[SourceQuality "1"]

1. d4 e6 2. Nf3 d5 3. c4 c5 4. cxd5 exd5 5. g3 Nf6 6. Bg2 Bd6 7. 0-0 Nbd7 8. Nc3 c4 9. Re1 0-0 10. Bd2 Nb6 11. Qc2 Re8 12. Nh4 g6 13. e4 Bf8 14. e5 Ng4 15. h3 Nh6 16. Bxh6 Bxh6 17. Re2 Bg5 18. Nf3 Bh6 19. g4 Be6 20. Rae1 Bf4 21. Nd1 Qd7 22. Ne3 1/2-1/2

[Event "Rhein Main op-B 22nd"]
[Site "Bad Homburg"]
[Date "2019.06.19"]
[Round "1"]
[White "Ahrends, Norbert"]
[Black "Traut, Stefan"]
[Result "1-0"]
[WhiteElo "1957"]
[BlackElo "1591"]
[PlyCount "103"]
[EventDate "2019.06.19"]
[EventType "swiss"]
[EventRounds "7"]
[EventCountry "GER"]
[SourceTitle "EXT 2020"]
[Source "ChessBase"]
[SourceDate "2019.10.17"]
[SourceVersion "1"]
[SourceVersionDate "2019.10.17"]
[SourceQuality "1"]

1. d4 Nf6 2. c4 c5 3. e3 e6 4. Nc3 d5 5. Nf3 Be7 6. Be2 0-0 7. 0-0 Nc6 8. dxc5 Bxc5 9. cxd5 exd5 10. Na4 Be7 11. b3 h6 12. Bb2 b6 13. Rc1 Bb7 14. Nd4 Rc8 15. Nf5 Re8 16. Nxe7+ Qxe7 17. Bd3 Qe6 18. Re1 Ne5 19. Rxc8 Rxc8 20. Be2 Ng6 21. Qd4 Qe4 22. Bd3 Qxd4 23. Bxd4 Ne4 24. Kf1 Ne7 25. f3 Nc5 26. Bxc5 bxc5 27. Rc1 c4 28. bxc4 dxc4 29. Rxc4 Rxc4 30. Bxc4 Nf5 31. Ke2 Kf8 32. Bd3 Nd6 33. Kd2 Ke7 34. e4 Bc6 35. Nc3 f6 36. Ke3 Ke6 37. g3 g5 38. Kd4 Nb7 39. Bc4+ Kd6 40. Nb5+ Bxb5 41. Bxb5 Nc5 42. Bc4 Nd7 43. f4 gxf4 44. gxf4 Nf8 45. e5+ fxe5+ 46. fxe5+ Ke7 47. Ke4 Ng6 48. Bd5 Nh4 49. a4 a5 50. Kd4 Ng6 51. Be4 Nf8 52. Bf5 1-0

[Event "Hofheim Spring op-B 7th"]
[Site "Hofheim"]
[Date "2019.04.26"]
[Round "6"]
[White "Traut, Stefan"]
[Black "Densing, Gerd"]
[Result "0-1"]
[WhiteElo "1591"]
[BlackElo "1802"]
[PlyCount "110"]
[EventDate "2019.04.23"]
[EventType "swiss"]
[EventRounds "9"]
[EventCountry "GER"]
[SourceTitle "CBM 190 Extra"]
[Source "ChessBase"]
[SourceDate "2019.07.15"]
[SourceVersion "1"]
[SourceVersionDate "2019.07.15"]
[SourceQuality "1"]

1. d4 Nf6 2. Nf3 e6 3. c4 b6 4. g3 Bb7 5. Bg2 Bb4+ 6. Bd2 Bxd2+ 7. Nbxd2 Ne4 8. 0-0 0-0 9. Rc1 d6 10. Nxe4 Bxe4 11. Qd2 Nd7 12. Rfd1 Qe7 13. Ng5 Bxg2 14. Kxg2 h6 15. Nf3 Rfe8 16. e4 e5 17. d5 a5 18. b3 Nc5 19. Re1 Qd7 20. Qc2 f5 21. Nd2 f4 22. Rf1 Rf8 23. f3 fxg3 24. hxg3 Rf6 25. Rh1 Raf8 26. Rcf1 Qf7 27. a3 Qg6 28. b4 Nb7 29. Qc3 Qg5 30. Kf2 Rg6 31. g4 Qf4 32. Ke2 axb4 33. axb4 Ra8 34. Qe3 Qf8 35. Ra1 Rxa1 36. Rxa1 Kh7 37. Qa3 Nd8 38. Qa7 Qe7 39. Qb8 Rf6 40. Ra7 Rf7 41. Ra8 Rf8 42. Qa7 Qd7 43. b5 Kg6 44. Qb8 Ne6 45. Qa7 Nd4+ 46. Ke3 Rf7 47. Qb8 Nxf3 48. Qc8 Qxc8 49. Rxc8 Nxd2 50. Kxd2 Kg5 51. Ke3 Kxg4 52. Ra8 h5 53. Ra2 h4 54. Rg2+ Kh5 55. Rg1 g5 0-1

[Event "Hofheim Spring op-B 7th"]
[Site "Hofheim"]
[Date "2019.04.25"]
[Round "4"]
[White "Traut, Stefan"]
[Black "Steinke, Hans Joerg"]
[Result "1/2-1/2"]
[WhiteElo "1591"]
[BlackElo "1784"]
[PlyCount "38"]
[EventDate "2019.04.23"]
[EventType "swiss"]
[EventRounds "9"]
[EventCountry "GER"]
[SourceTitle "CBM 190 Extra"]
[Source "ChessBase"]
[SourceDate "2019.07.15"]
[SourceVersion "1"]
[SourceVersionDate "2019.07.15"]
[SourceQuality "1"]

1. d4 d6 2. Nf3 Nf6 3. c4 g6 4. Nc3 Bg7 5. g3 0-0 6. Bg2 c6 7. 0-0 Nbd7 8. e4 e5 9. dxe5 Nxe5 10. Nxe5 dxe5 11. Qc2 Be6 12. b3 Nd7 13. Ba3 Re8 14. h3 Bf8 15. Bb2 Qc7 16. Rad1 Rad8 17. Qc1 Nc5 18. Qc2 Rxd1 19. Rxd1 Rd8 1/2-1/2

[Event "Heusenstamm Sparkassen op-B 5th"]
[Site "Heusenstamm"]
[Date "2018.11.23"]
[Round "3"]
[White "Gnandt, Michael"]
[Black "Traut, Stefan"]
[Result "1/2-1/2"]
[WhiteElo "1316"]
[BlackElo "1601"]
[PlyCount "42"]
[EventDate "2018.11.22"]
[EventType "swiss"]
[EventRounds "7"]
[EventCountry "GER"]
[SourceTitle "CBM 187 Extra"]
[Source "ChessBase"]
[SourceDate "2018.11.04"]
[SourceVersion "1"]
[SourceVersionDate "2018.11.04"]
[SourceQuality "1"]

1. e4 d5 2. exd5 Qxd5 3. Nc3 Qa5 4. Nf3 Bf5 5. d3 c6 6. Bd2 Qc7 7. g3 e6 8. Nh4 Bg6 9. Bg2 Nf6 10. Nxg6 hxg6 11. Qf3 Nbd7 12. Ne4 Nxe4 13. Qxe4 Nf6 14. Qf3 Be7 15. Bc3 0-0 16. 0-0 Rfd8 17. Rae1 Rac8 18. Be5 Qa5 19. a3 Rd7 20. Bc3 Qc7 21. Re3 Nd5 1/2-1/2

[Event "Heusenstamm Sparkassen op-B 5th"]
[Site "Heusenstamm"]
[Date "2018.11.23"]
[Round "2"]
[White "Traut, Stefan"]
[Black "Schulze, Tim"]
[Result "1/2-1/2"]
[WhiteElo "1601"]
[BlackElo "1228"]
[PlyCount "24"]
[EventDate "2018.11.22"]
[EventType "swiss"]
[EventRounds "7"]
[EventCountry "GER"]
[SourceTitle "CBM 187 Extra"]
[Source "ChessBase"]
[SourceDate "2018.11.04"]
[SourceVersion "1"]
[SourceVersionDate "2018.11.04"]
[SourceQuality "1"]

1. d4 Nf6 2. Nf3 d5 3. c4 e6 4. g3 Be7 5. Bg2 0-0 6. 0-0 dxc4 7. Qc2 a6 8. Qxc4 b5 9. Qc2 Bb7 10. Bd2 Nbd7 11. Ba5 Qc8 12. Rc1 c5 1/2-1/2

[Event "Wiesbaden op 30th"]
[Site "Wiesbaden"]
[Date "2018.08.26"]
[Round "6"]
[White "Ostendorph, Elias"]
[Black "Traut, Stefan"]
[Result "1/2-1/2"]
[WhiteElo "1281"]
[BlackElo "1627"]
[PlyCount "96"]
[EventDate "2018.08.23"]
[EventType "swiss"]
[EventRounds "7"]
[EventCountry "GER"]
[SourceTitle "CBM 186 Extra"]
[Source "ChessBase"]
[SourceDate "2018.08.24"]
[SourceVersion "1"]
[SourceVersionDate "2018.08.24"]
[SourceQuality "1"]

1. Nf3 Nf6 2. g3 g6 3. Bg2 Bg7 4. c3 0-0 5. d4 d5 6. 0-0 Bf5 7. Nh4 Be6 8. Bg5 c6 9. Bxf6 Bxf6 10. Nf3 Qc7 11. Nbd2 Na6 12. e4 dxe4 13. Nxe4 Bg7 14. Re1 Rfe8 15. a4 Rad8 16. Bf1 Nb8 17. Nc5 Bc8 18. Bc4 b6 19. Nd3 e6 20. b4 Nd7 21. Qb3 Nf6 22. Nde5 a6 23. Ng5 b5 24. axb5 cxb5 25. Bf1 Rf8 26. Bh3 Nd5 27. Nexf7 Rxf7 28. Nxe6 Bxe6 29. Bxe6 Qd6 30. Bxf7+ Kxf7 31. Qa2 Ra8 32. Qe2 Rc8 33. Qf3+ Kg8 34. Qg4 Rf8 35. Qe6+ Qxe6 36. Rxe6 Nxc3 37. Rexa6 Bxd4 38. Rf1 Kg7 39. Kg2 h6 40. Rd6 Bf6 41. Rc1 Rc8 42. Rb6 Rc7 43. Re1 Re7 44. Rxe7+ Bxe7 45. Rb7 Kf6 46. Kf3 Bxb4 47. Rb6+ Kf7 48. Rb7+ Kf6 1/2-1/2

[Event "Wiesbaden op 30th"]
[Site "Wiesbaden"]
[Date "2018.08.25"]
[Round "4"]
[White "Reinisch, Markus"]
[Black "Traut, Stefan"]
[Result "1-0"]
[WhiteElo "1829"]
[BlackElo "1627"]
[PlyCount "47"]
[EventDate "2018.08.23"]
[EventType "swiss"]
[EventRounds "7"]
[EventCountry "GER"]
[SourceTitle "CBM 186 Extra"]
[Source "ChessBase"]
[SourceDate "2018.08.24"]
[SourceVersion "1"]
[SourceVersionDate "2018.08.24"]
[SourceQuality "1"]

1. d4 Nf6 2. c4 c5 3. e3 e6 4. Nf3 d5 5. Nc3 Be7 6. Bd3 0-0 7. 0-0 Nc6 8. a3 b6 9. Re1 Bb7 10. cxd5 exd5 11. b3 cxd4 12. exd4 Rc8 13. Bf5 Rb8 14. Bf4 Bd6 15. Ne5 a6 16. Bg5 h6 17. Bh4 g5 18. Bg3 Re8 19. Qd3 Ne7 20. Bh3 b5 21. f4 Bc8 22. fxg5 hxg5 23. Rf1 Nc6 24. Nxc6 1-0

[Event "Hessen-chB"]
[Site "Frankfurt"]
[Date "2018.05.12"]
[Round "6"]
[White "Schneider, Lutz Peter"]
[Black "Traut, Stefan"]
[Result "1-0"]
[WhiteElo "1722"]
[BlackElo "1661"]
[PlyCount "57"]
[EventDate "2018.05.10"]
[EventType "swiss"]
[EventRounds "7"]
[EventCountry "GER"]
[SourceTitle "EXT 2019"]
[Source "ChessBase"]
[SourceDate "2018.10.10"]
[SourceVersion "1"]
[SourceVersionDate "2018.10.10"]
[SourceQuality "1"]

1. e4 d5 2. exd5 Qxd5 3. Nc3 Qa5 4. d4 c6 5. Bd3 Nf6 6. Nge2 e6 7. Bf4 Be7 8. 0-0 0-0 9. a3 Qd8 10. b4 a6 11. Ne4 Nbd7 12. N2g3 g6 13. c4 Nb6 14. Be2 Nxe4 15. Nxe4 Nd7 16. c5 Nf6 17. Bf3 Nxe4 18. Bxe4 Bf6 19. Be5 Re8 20. Qf3 Bg7 21. Rfd1 Bd7 22. Qg3 Qc8 23. Rd3 a5 24. bxa5 Rxa5 25. Rf3 f5 26. Bc2 Bxe5 27. Qxe5 Qb8 28. Qe1 e5 29. Qxa5 1-0

[Event "Hessen-chB"]
[Site "Frankfurt"]
[Date "2018.05.12"]
[Round "5"]
[White "Traut, Stefan"]
[Black "Azizov, Fariz"]
[Result "1/2-1/2"]
[WhiteElo "1661"]
[BlackElo "1593"]
[PlyCount "52"]
[EventDate "2018.05.10"]
[EventType "swiss"]
[EventRounds "7"]
[EventCountry "GER"]
[SourceTitle "EXT 2019"]
[Source "ChessBase"]
[SourceDate "2018.10.10"]
[SourceVersion "1"]
[SourceVersionDate "2018.10.10"]
[SourceQuality "1"]

1. d4 d5 2. Nf3 Nf6 3. c4 c6 4. e3 e6 5. Nc3 Be7 6. Bd3 Nbd7 7. 0-0 0-0 8. b3 Re8 9. Bb2 b6 10. Rc1 Bb7 11. cxd5 exd5 12. Qc2 Nf8 13. Rfd1 Ne6 14. h3 Rc8 15. Qb1 Bd6 16. Kh1 Qe7 17. Be2 Bb4 18. Bd3 Bxc3 19. Rxc3 Rc7 20. Rdc1 Rec8 21. Nd2 Qd7 22. Bf5 g6 23. Bxe6 Qxe6 24. Ba3 Ne4 25. Nxe4 dxe4 26. Qb2 Qd5 1/2-1/2

[Event "Hessen-chB"]
[Site "Frankfurt"]
[Date "2018.05.11"]
[Round "4"]
[White "Vollbrecht, Christoph"]
[Black "Traut, Stefan"]
[Result "1-0"]
[WhiteElo "1879"]
[BlackElo "1661"]
[PlyCount "103"]
[EventDate "2018.05.10"]
[EventType "swiss"]
[EventRounds "7"]
[EventCountry "GER"]
[SourceTitle "EXT 2019"]
[Source "ChessBase"]
[SourceDate "2018.10.10"]
[SourceVersion "1"]
[SourceVersionDate "2018.10.10"]
[SourceQuality "1"]

1. e4 d5 2. exd5 Qxd5 3. Nc3 Qa5 4. Nf3 c6 5. Be2 Bf5 6. Nh4 Bg6 7. d3 e6 8. Bd2 Qc7 9. Be3 Nf6 10. Qd2 Nbd7 11. 0-0-0 a6 12. Nb1 0-0-0 13. Nf3 h6 14. Qe1 Bd6 15. Bd2 b6 16. Nc3 Bf4 17. g3 Bxd2+ 18. Rxd2 Rhe8 19. h3 Nd5 20. Nxd5 exd5 21. Qd1 Re7 22. Re1 Rde8 23. Bf1 Rxe1 24. Nxe1 b5 25. Re2 Qd8 26. Nf3 Kb7 27. Qe1 f6 28. Nd4 Rxe2 29. Qxe2 Qe8 30. Qxe8 Bxe8 31. Nf5 Bg6 32. Nxg7 Nf8 33. Be2 Kc7 34. Bg4 Kd6 35. Nf5+ Bxf5 36. Bxf5 a5 37. d4 b4 38. c3 bxc3 39. bxc3 c5 40. a4 cxd4 41. cxd4 Ke7 42. Kd2 Kf7 43. Ke3 h5 44. Kf4 Kg7 45. h4 Kh6 46. f3 Kg7 47. g4 hxg4 48. fxg4 Kh6 49. g5+ fxg5+ 50. hxg5+ Kh5 51. g6 Kh6 52. Ke5 1-0

[Event "Hofheim Spring op-B 6th"]
[Site "Hofheim"]
[Date "2018.04.06"]
[Round "7"]
[White "Hahnenstein, Leon"]
[Black "Traut, Stefan"]
[Result "1/2-1/2"]
[WhiteElo "1472"]
[BlackElo "1661"]
[PlyCount "83"]
[EventDate "2018.04.03"]
[EventType "swiss"]
[EventRounds "9"]
[EventCountry "GER"]
[SourceTitle "EXT 2020"]
[Source "ChessBase"]
[SourceDate "2019.10.17"]
[SourceVersion "1"]
[SourceVersionDate "2019.10.17"]
[SourceQuality "1"]

1. e4 c5 2. Bc4 Nc6 3. Nf3 g6 4. c3 Bg7 5. d3 e6 6. Be3 b6 7. Nbd2 Nge7 8. 0-0 0-0 9. Re1 d5 10. Bb3 Bb7 11. Nf1 Rc8 12. Ng3 Re8 13. Qd2 a6 14. Bh6 b5 15. Rad1 c4 16. Bxg7 Kxg7 17. Bc2 dxe4 18. Nxe4 cxd3 19. Bxd3 Nf5 20. a3 Qe7 21. b4 Rcd8 22. Nc5 Bc8 23. Qb2 Kg8 24. Ne4 Nd6 25. Qd2 Nxe4 26. Rxe4 Bb7 27. Rh4 Qf8 28. Qe3 Qg7 29. Ng5 h5 30. g4 hxg4 31. Rh7 Qxc3 32. Rxf7 Qe5 33. Qxe5 Nxe5 34. Rxb7 Rxd3 35. Rxd3 Nxd3 36. Rb6 Rc8 37. Rxe6 Nf4 38. Re1 Rc3 39. Ne4 Rxa3 40. Nc5 Ra2 41. Rf1 Kg7 42. f3 1/2-1/2

[Event "Hofheim Spring op-B 6th"]
[Site "Hofheim"]
[Date "2018.04.04"]
[Round "3"]
[White "Traut, Stefan"]
[Black "Wachsmann, Elmar"]
[Result "1/2-1/2"]
[WhiteElo "1661"]
[BlackElo "1618"]
[PlyCount "36"]
[EventDate "2018.04.03"]
[EventType "swiss"]
[EventRounds "9"]
[EventCountry "GER"]
[SourceTitle "EXT 2020"]
[Source "ChessBase"]
[SourceDate "2019.10.17"]
[SourceVersion "1"]
[SourceVersionDate "2019.10.17"]
[SourceQuality "1"]

1. d4 d5 2. Nf3 Nf6 3. c4 e6 4. g3 Be7 5. Bg2 0-0 6. 0-0 b6 7. Nc3 Bb7 8. Ne5 Nbd7 9. Qa4 Nxe5 10. dxe5 Ne4 11. Nxe4 dxe4 12. Rd1 Qc8 13. Qc2 c5 14. Bxe4 Bxe4 15. Qxe4 Qc7 16. Bd2 Rad8 17. Bc3 Rd7 18. Rd3 Rfd8 1/2-1/2

[Event "Heusenstamm Sparkassen op-A 4th"]
[Site "Heusenstamm"]
[Date "2017.11.25"]
[Round "5"]
[White "Berkes, Joerg"]
[Black "Traut, Stefan"]
[Result "1-0"]
[WhiteElo "1831"]
[BlackElo "1695"]
[PlyCount "47"]
[EventDate "2017.11.23"]
[EventType "swiss"]
[EventRounds "7"]
[EventCountry "GER"]
[SourceTitle "EXT 2019"]
[Source "ChessBase"]
[SourceDate "2018.10.10"]
[SourceVersion "1"]
[SourceVersionDate "2018.10.10"]
[SourceQuality "1"]

1. Nf3 Nf6 2. g3 g6 3. Bg2 Bg7 4. 0-0 0-0 5. Re1 d6 6. e4 Nbd7 7. d4 e5 8. d5 Nb6 9. Nc3 h6 10. h3 Ne8 11. Nh4 Bd7 12. Be3 Rc8 13. b3 a6 14. Qd2 Kh7 15. Rad1 Qe7 16. Nf3 Nf6 17. Ne2 Qd8 18. Nh2 Ne8 19. c4 f5 20. f4 fxe4 21. fxe5 dxe5 22. c5 Na8 23. c6 bxc6 24. dxc6 1-0

[Event "Heusenstamm Sparkassen op-A 4th"]
[Site "Heusenstamm"]
[Date "2017.11.25"]
[Round "4"]
[White "Traut, Stefan"]
[Black "Kail, Sindy"]
[Result "0-1"]
[WhiteElo "1695"]
[BlackElo "1861"]
[PlyCount "64"]
[EventDate "2017.11.23"]
[EventType "swiss"]
[EventRounds "7"]
[EventCountry "GER"]
[SourceTitle "EXT 2019"]
[Source "ChessBase"]
[SourceDate "2018.10.10"]
[SourceVersion "1"]
[SourceVersionDate "2018.10.10"]
[SourceQuality "1"]

1. d4 d5 2. Nf3 Nf6 3. c4 c6 4. e3 e6 5. Be2 dxc4 6. Bxc4 b5 7. Bd3 a6 8. 0-0 Bb7 9. Nbd2 c5 10. b3 Nbd7 11. Bb2 Be7 12. Rc1 0-0 13. Qe2 Rc8 14. h3 cxd4 15. Nxd4 Nc5 16. Ba1 Qd5 17. N2f3 Qh5 18. Rfd1 Nfe4 19. Nh2 Qg6 20. Nhf3 Qh6 21. Rc2 b4 22. Rcc1 f5 23. Qe1 g5 24. Ne5 Bd6 25. Ndf3 Qh5 26. Rc2 Rfd8 27. Qxb4 g4 28. hxg4 fxg4 29. Nh2 g3 30. Nhf3 gxf2+ 31. Kf1 Qh1+ 32. Ke2 Qxd1+ 0-1

[Event "Wiesbaden op 29th"]
[Site "Wiesbaden"]
[Date "2017.08.27"]
[Round "6"]
[White "Baehrle, Julius"]
[Black "Traut, Stefan"]
[Result "0-1"]
[WhiteElo "757"]
[BlackElo "1698"]
[PlyCount "54"]
[EventDate "2017.08.24"]
[EventType "swiss"]
[EventRounds "7"]
[EventCountry "GER"]
[SourceTitle "CBM 180 Extra"]
[Source "ChessBase"]
[SourceDate "2017.10.06"]
[SourceVersion "1"]
[SourceVersionDate "2017.10.06"]
[SourceQuality "1"]

1. c4 b6 2. Nc3 Bb7 3. Nf3 Nf6 4. d3 g6 5. Ng5 Bg7 6. e4 d6 7. Be2 0-0 8. 0-0 h6 9. Nf3 c5 10. Bd2 e6 11. Qc1 Kh7 12. Nh4 Nc6 13. h3 Re8 14. Re1 Qd7 15. Rb1 Rad8 16. Bf3 Ne5 17. Re3 g5 18. Nf5 exf5 19. exf5 Bxf3 20. gxf3 Qxf5 21. Kf1 Nxf3 22. Ke2 Nd4+ 23. Kd1 Rxe3 24. Bxe3 Qxd3+ 25. Bd2 Re8 26. a4 Qf1+ 27. Be1 Qxe1# 0-1

[Event "Wiesbaden op 29th"]
[Site "Wiesbaden"]
[Date "2017.08.24"]
[Round "1"]
[White "Traut, Stefan"]
[Black "Mueller, Lutz"]
[Result "0-1"]
[WhiteElo "1698"]
[BlackElo "2042"]
[PlyCount "68"]
[EventDate "2017.08.24"]
[EventType "swiss"]
[EventRounds "7"]
[EventCountry "GER"]
[SourceTitle "CBM 180 Extra"]
[Source "ChessBase"]
[SourceDate "2017.10.06"]
[SourceVersion "1"]
[SourceVersionDate "2017.10.06"]
[SourceQuality "1"]

1. d4 g6 2. Nf3 Bg7 3. c4 d6 4. Nc3 Nc6 5. g3 Nf6 6. Bg2 0-0 7. 0-0 e5 8. dxe5 dxe5 9. Be3 Be6 10. b3 h6 11. Qxd8 Rfxd8 12. Rad1 Ng4 13. Bc5 f5 14. Nd5 Rd7 15. h3 Nf6 16. Nxf6+ Bxf6 17. Rxd7 Bxd7 18. Rd1 Be6 19. e3 e4 20. Ne1 b6 21. Ba3 Re8 22. Kf1 a5 23. Nc2 a4 24. f3 exf3 25. Bxf3 Na5 26. Bd5 axb3 27. axb3 Nxb3 28. Bxe6+ Rxe6 29. Rd7 Rc6 30. Nb4 Rxc4 31. Nd5 Nd2+ 32. Ke2 Ne4 33. Kd3 Ra4 34. Bc1 Nc5+ 0-1